000 00325nam a22001337a 4500
008 180822b xxu||||| |||| 00| 0 eng d
020 _a096242668
041 _aeng
080 _a617
100 _a5
101 _aKIR
245 _aSURGERY OF THE CRANIAL NERVES OF THE POSTERIOR FOSSA
_cBARROW,D,L
942 _2udc
_cBK
999 _c47245
_d47245